|
|
|
|
| LEADER |
01540nam a22003973i 4500 |
| 001 |
EBC6752410 |
| 003 |
MiAaPQ |
| 005 |
20231204023219.0 |
| 006 |
m o d | |
| 007 |
cr cnu|||||||| |
| 008 |
231204s2021 xx o ||||0 eng d |
| 020 |
|
|
|a 9783839451458
|q (electronic bk.)
|
| 020 |
|
|
|z 9783837651454
|
| 035 |
|
|
|a (MiAaPQ)EBC6752410
|
| 035 |
|
|
|a (Au-PeEL)EBL6752410
|
| 035 |
|
|
|a (OCoLC)1233041668
|
| 040 |
|
|
|a MiAaPQ
|b eng
|e rda
|e pn
|c MiAaPQ
|d MiAaPQ
|
| 082 |
0 |
|
|a 780.72/1
|
| 100 |
1 |
|
|a Santi, Matej.
|
| 245 |
1 |
0 |
|a Music - Media - History :
|b Re-Thinking Musicology in an Age of Digital Media.
|
| 250 |
|
|
|a 1st ed.
|
| 264 |
|
1 |
|a Bielefeld :
|b transcript,
|c 2021.
|
| 264 |
|
4 |
|c Ã2021.
|
| 300 |
|
|
|a 1 online resource (300 pages)
|
| 336 |
|
|
|a text
|b txt
|2 rdacontent
|
| 337 |
|
|
|a computer
|b c
|2 rdamedia
|
| 338 |
|
|
|a online resource
|b cr
|2 rdacarrier
|
| 490 |
1 |
|
|a Musik und Klangkultur ;
|v v.44
|
| 588 |
|
|
|a Description based on publisher supplied metadata and other sources.
|
| 590 |
|
|
|a Electronic reproduction. Ann Arbor, Michigan : ProQuest Ebook Central, 2023. Available via World Wide Web. Access may be limited to ProQuest Ebook Central affiliated libraries.
|
| 655 |
|
4 |
|a Electronic books.
|
| 700 |
1 |
|
|a Berner, Elias.
|
| 776 |
0 |
8 |
|i Print version:
|a Santi, Matej
|t Music - Media - History
|d Bielefeld : transcript,c2021
|z 9783837651454
|
| 797 |
2 |
|
|a ProQuest (Firm)
|
| 830 |
|
0 |
|a Musik und Klangkultur
|
| 856 |
4 |
0 |
|u https://ebookcentral.proquest.com/lib/matrademy/detail.action?docID=6752410
|z Click to View
|